Sociální patologie : závažné sociálně patologické jevy, příčiny, prevence, možnosti řešení / Slavomil Fischer, Jiří Škoda
Record details
- ISBN: 978-80-247-5046-0
- Physical Description: 231 s. : il. ; 24 cm
- Edition: 2., rozš. a aktualiz. vyd.
- Publisher: Praha : Grada, 2014
Content descriptions
| Bibliography, etc. Note: | Obsahuje bibliografii, bibliografické odkazy a rejstříky |
Search for related items by subject
| Subject: | sociální deviace deviant behavior |
| Genre: | kolektivní monografie collective monographs |
Search for related items by series
Available copies
- 3 of 3 copies available at Common Catalog SPOK.
Holds
- 0 current holds with 3 total copies.
Other Formats and Editions
Show Only Available Copies
| Location | Call Number / Copy Notes | Barcode | Shelving Location | Status | Due Date |
|---|---|---|---|---|---|
| Jabok Library | Soc-1.7.7 /F | 424480036895 | Odborná literatura | Available | - |
| Jabok Library | Soc-1.7.7 /F
Pořízeno z projektu Škola jako místo, kde se vzdělává a žije: CZ.07.4.68/0.0/0.0/16_037/0000325
|
424480041194 | Odborná literatura | Available | - |
| Jabok Library | Soc-1.7.7 /F | 424480046109 | Odborná literatura | Available | - |
| LDR | 01299nam a2200373 a 4500 | ||
|---|---|---|---|
| 001 | 19544 | ||
| 003 | CZ-PrJAB | ||
| 005 | 20181121102239.0 | ||
| 007 | ta | ||
| 008 | 140903s2014 xr a f 001 0 cze | ||
| 015 | . | ‡acnb002616516 | |
| 020 | . | ‡a978-80-247-5046-0 ‡q(brož.) | |
| 035 | . | ‡a(CZ PrNK)nkc20142616516 | |
| 035 | . | ‡a(OCoLC)894845331 | |
| 040 | . | ‡aBOA001 ‡bcze | |
| 072 | 7. | ‡a316.4/.7 ‡xSociální interakce ‡2Konspekt ‡918 | |
| 080 | . | ‡a316.624 ‡2MRF | |
| 080 | . | ‡a(048.8:082) ‡2MRF | |
| 100 | 1 | . | ‡aFischer, Slavomil ‡7mzk2006368452 ‡4aut |
| 245 | 1 | 0. | ‡aSociální patologie : ‡bzávažné sociálně patologické jevy, příčiny, prevence, možnosti řešení / ‡cSlavomil Fischer, Jiří Škoda |
| 250 | . | ‡a2., rozš. a aktualiz. vyd. | |
| 260 | . | ‡aPraha : ‡bGrada, ‡c2014 | |
| 300 | . | ‡a231 s. : ‡bil. ; ‡c24 cm | |
| 490 | 1 | . | ‡aPsyché |
| 504 | . | ‡aObsahuje bibliografii, bibliografické odkazy a rejstříky | |
| 650 | 0 | 7. | ‡asociální deviace ‡7ph125780 ‡2czenas |
| 650 | 0 | 9. | ‡adeviant behavior ‡2eczenas |
| 655 | 7. | ‡akolektivní monografie ‡7fd501537 ‡2czenas | |
| 655 | 9. | ‡acollective monographs ‡2eczenas | |
| 700 | 1 | . | ‡aŠkoda, Jiří, ‡d1972- ‡7ola2002153673 ‡4aut |
| 830 | 0. | ‡aPsyché (Grada) | |
| 910 | . | ‡aABG312 | |
| 950 | . | ‡askok | |
| 901 | . | ‡a19544 ‡b ‡c19544 ‡tbiblio | |